LEADER 01559nas 2200517-a 450 001 996204806203316 005 20230214213019.0 011 $a1553-2712 035 $a(DE-599)ZDB2029751-8 035 $a(OCoLC)45268302 035 $a(CKB)954925602720 035 $a(CONSER)---00227355- 035 $a(EXLCZ)99954925602720 100 $a20001101a19949999 s-- a 101 0 $aeng 135 $aurmnu|||||||| 181 $ctxt$2rdacontent 182 $cc$2rdamedia 183 $acr$2rdacarrier 200 10$aAcademic emergency medicine 210 $a[Philadelphia, PA] $cPublished for the Society for Academic Emergency Medicine by Hanley & Belfus 300 $aRefereed/Peer-reviewed 311 $a1069-6563 517 1 $aAEM 531 $aACAD EMERG MED 531 $aACAD EM MED 531 $aACAD. EMERG. MED 531 0 $aAcad. emerg. med. 606 $aEmergency medicine$vPeriodicals 606 $aEmergency Medicine 606 $aEmergency Medicine$vPeriodicals 606 $aMédecine d'urgence$vPériodiques 606 $aEmergency medicine$2fast$3(OCoLC)fst00908615 608 $aPeriodicals.$2fast 608 $aPeriodicals.$2lcgft 615 0$aEmergency medicine 615 2$aEmergency Medicine. 615 2$aEmergency Medicine 615 6$aMédecine d'urgence 615 7$aEmergency medicine. 676 $a616.02 712 02$aSociety for Academic Emergency Medicine (U.S.), 906 $aJOURNAL 912 $a996204806203316 996 $aAcademic emergency medicine$92043110 997 $aUNISA LEADER 02580nam 2200493Ia 450 001 9911006659503321 005 20230617021739.0 010 $a1-62104-003-8 010 $a1-61344-958-5 035 $a(CKB)3190000000025012 035 $a(SSID)ssj0000680989 035 $a(PQKBManifestationID)12315373 035 $a(PQKBTitleCode)TC0000680989 035 $a(PQKBWorkID)10655159 035 $a(PQKB)11631532 035 $a(MiAaPQ)EBC3333495 035 $a(BIP)8337152 035 $a(EXLCZ)993190000000025012 100 $a20020912d2003 uy 0 101 0 $aeng 135 $aurcn||||||||| 181 $ctxt 182 $cc 183 $acr 200 10$aHand deburring $eincreasing shop productivity /$fLaRoux K. Gillespie 210 $aDearborn, Mich. $cSociety of Manufacturing Engineers$dc2003 215 $axxiii, 468 p 300 $aBibliographic Level Mode of Issuance: Monograph 311 08$a0-87263-642-9 330 $aCut at least half a person of wasted effort and make manual deburring work in your facility by identifying the best products and processes for your operation. Written by world-renowned researcher and practitioner LaRoux Gillespie, this 530-page book is a complete inventory of the elements needed to improve your hand-deburring operations. In 34 chapters, it shows you how to calculate true costs, define customer requirements, understand when hand deburring is the right answer, provides a structured look at over 10,000 hand-deburring tools, identifies sources of further immediate help, defines training programs, and ends with a very detailed chapter on how to effectively inspect for burns. It is and easy-to-digest reference designed for the shop supervisor, deburring leadman, and engineer.Inside you will find: Case Studies that highlight real-world issues and solutions Entire chapters devoted to specific deburring tools An emphasis on precision work in small shops Standards and procedures that can be applied immediately Over 300 photos and illustrations of hand deburring Simple cost-analysis checksheets and formulas Ideas for preventing the health, safety, and ergonomic issues that cost you money. 606 $aDeburring 606 $aMachine-tools 615 0$aDeburring. 615 0$aMachine-tools. 676 $a671.7 700 $aGillespie$b L. K$g(LaRoux K.)$01444424 712 02$aSociety of Manufacturing Engineers. 801 0$bMiAaPQ 801 1$bMiAaPQ 801 2$bMiAaPQ 906 $aBOOK 912 $a9911006659503321 996 $aHand deburring$94388230 997 $aUNINA LEADER 07033oam 2200817I 450 001 9910583588003321 005 20240501055802.0 010 $a1-317-93550-0 010 $a1-315-85803-7 010 $a1-317-93551-9 024 7 $a10.4324/9781315858036 035 $a(CKB)3710000000742059 035 $a(EBL)4579076 035 $a(SSID)ssj0001691235 035 $a(PQKBManifestationID)16539441 035 $a(PQKBTitleCode)TC0001691235 035 $a(PQKBWorkID)14848763 035 $a(PQKB)25079063 035 $a(MiAaPQ)EBC4579076 035 $a(OCoLC)953030134 035 $a(oapen)https://directory.doabooks.org/handle/20.500.12854/87661 035 $a(oapen)doab87661 035 $a(ScCtBLL)12fb034e-24dc-4f96-b994-95a053c2aadf 035 $a(EXLCZ)993710000000742059 100 $a20180706d2016 uy 0 101 0 $aeng 135 $aur|n|---||||| 181 $ctxt 182 $cc 183 $acr 200 04$aThe EU's eastern neighbourhood $emigration, borders and regional stability /$fedited by Ilkka Liikanen, James W. Scott and Tiina Sotkasiira 205 $a1st ed. 210 $cTaylor & Francis$d2016 210 1$aAbingdon, Oxon ;$aNew York, N.Y. :$cRoutledge,$d2016. 215 $a1 online resource (319 p.) 225 1 $aBASEES/Routledge Series on Russian and East European Studies 300 $aDescription based upon print version of record. 311 08$a1-138-47769-9 311 08$a0-415-72286-1 320 $aIncludes bibliographical references and index. 327 $aCover; Half Title; Title Page; Copyright; Table of Contents; List of illustrations; List of contributors; Abbreviations; The end of Wider Europe? The EU, changing borders and spatial imaginaries of post-Soviet space; Introduction: concepts of Wider Europe and Neighbourhood; Of old and new geopolitical conundrums; The structure of the book; Part One: renegotiating borders in the post-Soviet space; Part Two: border management and cross-border cooperation; Part Three: migration policies; Part Four: migration and the everyday; Conclusions: the future of Wider Europe; Acknowledgements; Note 327 $aPART ONE: Renegotiating borders in the post-Soviet space1. Building regional stability through cross-border cooperation: changing spatial imaginaries and sovereignty concepts of EU neighbourhood policies; Shifting sovereignty concepts of making Europe and the European Neighbourhood; INTERREG: CBC as a tool of apolitical cohesion policies of the European Community; INTERREG III: CBC as a tool of enlargement - and transition; European Neighbourhood policy: CBC as a frame of pooled sovereignty and soft power 327 $aCommon foreign and security policy: post-sovereign responses to a changing European Neighbourhood?Conclusions: CBC and sovereignty-challenging spatial imaginary in the European Neighbourhood; 2. Ukraine: history confronts geography; Defining national space; Dividing national space; Challenging borders; Conclusions; Notes; 3. Borders and nation-building in post-Soviet space: a glance from the Republic of Moldova; Soviet nationality policies and the shaping of Moldova's borders; Post-independence historical-political narratives of Moldova's borders; Borders and neighbours; Conclusion; Notes 327 $a4. Reconceptualisations of borders in post-Soviet Ukraine: between EU regulations, the Soviet legacy and internal political strife 65Border issues in Ukraine: examples from political discourse; The framing of border issues in academic discourse; The European Union: a focus on border management; Conclusions; Notes; PART TWO: Border management and cross-border cooperation; 5. Eastern Neighbourhood as a political divide: EU policies of regional cooperation and 'selective visibility' in the case of Ukraine 327 $aRegional cooperation and the emerging EU geopolitics of neighbourhood: a possibilistic perspectivePerspectives on the EU as a political actor: narratives of neighbourhood and policy divides; Conclusions; Notes; 6. Bordering in post-Soviet Central Asia: two tales from Tajikistan; Borders of Tajikistan: Soviet and post-Soviet developments; Tursunzoda: a tale of TALCO and the Uzbek border in Central Tajikistan; Borders in the Ferghana Valley; Border delimitation and demarcation in the Ferghana Valley; Conclusion; Notes 327 $a7. Of barriers, breaches and bridges: cross-border ecotourism and the prospect of horizontal governance acting as a bridge in Belarus-EU Neighbourhood relations 330 $aThe collapse of the Soviet Union has had profound and long-lasting impacts on the societies of Eastern Europe, the South Caucasus and Central Asia, impacts which are not yet fully worked through: changes in state-society relations, a comprehensive reconfiguration of political, economic and social ties, the resurgence of regional conflicts "frozen" during the Soviet period, and new migration patterns both towards Russia and the European Union. At the same time the EU has emerged as an important player in the region, formulating its European Neighbourhood Policy, and engaging neighbouring states in a process of cross-border regional co-operation. This book explores a wide range of complex and contested questions related to borders, security and migration in the emerging "European Neighbourhood" which includes countries of the Caucasus and Central Asia as well as the countries which immediately border the EU. Issues discussed include new forms of regional and cross-border co-operation, new patterns of migration, and the potential role of the EU as a stabilizing external force. 410 0$aBASEES/Routledge series on Russian and East European studies. 517 3 $aEuropean Union's eastern neighborhood 517 3 $aEuropean Union's eastern neighbourhood 517 3 $aEU's eastern neighborhood 606 $aEthnic studies$2bicssc 606 $aRegional studies$2bicssc 607 $aEuropean Union countries$xForeign relations$zFormer Soviet republics 607 $aFormer Soviet republics$xForeign relations$zEuropean Union countries 607 $aFormer Soviet republics$xEmigration and immigration 610 $aAnaïs Marin;european;Furugzod Usmonov;federation;free;Ihor Markov;James Wesley Scott;James W. Scott;Joni Virkkunen;Larissa Titarenko;labour;migration;Octavian ?îcu;Oleksii Pozniak;Olga Brednikova;Olga Davydova-Minguet;Olga Filippova;Olga Tkach;Paul Fryer;policies;policy;regime;russian;Sergei Riazantsev;Sergey Rumyantsev;Tiina Sotkasiira;Valeriu Mosneaga;Volodymyr Kravchenko;visa 615 7$aEthnic studies 615 7$aRegional studies 676 $a947.000905 676 $a341.24220947 700 $aLiikanen$b Ilkka$4edt$01144886 701 $aLiikanen$b Ilkka$01144886 701 $aScott$b James Wesley$01144887 701 $aSotkasiira$b Tiina$01250747 801 0$bFlBoTFG 801 1$bFlBoTFG 906 $aBOOK 912 $a9910583588003321 996 $aThe EU's eastern neighbourhood$92899347 997 $aUNINA